• 首页
  • 本馆介绍
  • 公告通知
  • 最新文献
  • 馆藏检索
  • 电子资源
  • 读者导购
  • 参考咨询
  • 我的图书馆
  • 登录
  • 详细信息显示
  • 放入我的书架
  • 预约/预借图书
  • 作者相关作品
  • 分类相关作品
  • 丛书相关作品
  • 出版社相关作品

书目信息

  • 表格格式
  • 工作单格式
  • 卡片格式
题名:
纳粹枭雄
    
 
作者: 洪庆明 编
分册:  
出版信息: 北京   东方出版社  2005
页数: 329页
开本: 23
丛书名: “浩劫与辉煌”系列丛书
单 册:
中图分类: K817=5
科图分类:
主题词: 历史人物--列传--世界--现代
电子资源:
ISBN: 7-5060-2277-X
000 00785nam0 2200241 450
001 TS2006041032
005 20070118171417.39
010    @a7-5060-2277-X@dCNY45.00
100    @a20060829d2005 em y0chiy0120 ea
101 0  @achi
102    @aCN@b110000
105    @aa z 000yy
200 1  @a纳粹枭雄@ANa Cui Xiao Xiong@f洪庆明编@FHong Qing Ming Bian
210    @a北京@c东方出版社@d2005
215    @a329页@c照片@d23
225 2  @a“浩劫与辉煌”系列丛书
330    @a本书主要讲述了:希特勒—旷世邪魔震碎历史、东条英机—超级战犯十恶不赦、墨索里尼—法西斯之独裁祸首等。
410  0 @12001 @a“浩劫与辉煌”系列丛书
606 0  @a历史人物@x列传@y世界@z现代
690    @aK817=5@v4
701  0 @a洪庆明@AHong Qing Ming@4编
801  0 @aCN@b中图数据@c20070118
905    @a10447@dK817=5@e106
    
    纳粹枭雄/洪庆明编.-北京:东方出版社,2005
    329页:照片;23.-(“浩劫与辉煌”系列丛书)
    
    
    ISBN 7-5060-2277-X:CNY45.00
    本书主要讲述了:希特勒—旷世邪魔震碎历史、东条英机—超级战犯十恶不赦、墨索里尼—法西斯之独裁祸首等。
●
相关链接 在E读中查询图书 在五车中查询图书 在当当中查询图书 在豆瓣中查询图书


正题名:纳粹枭雄     索取号:K817=5/106         预约/预借

序号 登录号 条形码 馆藏地/架位号 状态 备注
1 0604210   206042101   第二样本阅览室/ [索取号:K817=5/106] 在馆    
2 0604211   206042110   第二借阅区/ [索取号:K817=5/106] 在馆    
3 0604212   206042129   第二借阅区/ [索取号:K817=5/106] 在馆    
唐山师范学院图书馆 欢迎您!
大连网信软件有限公司© 版权所有